书目信息 |
| 题名: |
宁静客栈
|
|
| 作者: | 高尔斯华绥 著 ;吴梦宇 译 | |
| 分册: | ||
| 出版信息: | 南京 江苏文艺出版社 2013 |
|
| 页数: | 231页 | |
| 开本: | 21cm | |
| 丛书名: | 诺贝尔文学奖获奖者散文丛书 | |
| 单 册: | ||
| 中图分类: | I561.64 | |
| 科图分类: | ||
| 主题词: | 散文集--英国--近代 , 散文集 | |
| 电子资源: | ||
| ISBN: | 978-7-5399-6380-8 | |
| 000 | 00958oam2 2200301 450 | |
| 001 | 012014061101 | |
| 005 | 20140905091924.0 | |
| 010 | @a978-7-5399-6380-8@b@dCNY24.00 | |
| 100 | @a20131111d2013 em y0chiy0110 ea | |
| 101 | 1 | @achi@ceng |
| 102 | @aCN@b320000 | |
| 105 | @ay z 000cy | |
| 106 | @ar | |
| 200 | 1 | @a宁静客栈@9ning jing ke zhan@f(英)高尔斯华绥著@g吴梦宇译 |
| 210 | @a南京@c江苏文艺出版社@d2013 | |
| 215 | @a231页@c@d21cm | |
| 225 | 2 | @a诺贝尔文学奖获奖者散文丛书 |
| 330 | @a本书收录的作品主要包括:山上的喜鹊、浪漫三瞥、宁静客栈、剪羊毛、进化、雾中驰聘、基督教徒、石间的风、远房亲戚等。 | |
| 333 | @a外国文学爱好者 | |
| 461 | 0 | @12001 @a诺贝尔文学奖获奖者散文丛书 |
| 606 | 0 | @a散文集@y英国@z近代 |
| 606 | 0 | @a散文集 |
| 690 | @aI561.64@v5 | |
| 701 | 0 | @c(英)@a高尔斯华绥@9gao er si hua sui@4著 |
| 702 | 0 | @a吴梦宇@9wu meng yu@4译 |
| 801 | 0 | @aCN@bMUSE@c20181206@g |
| 905 | @aBZT@dI561.64@e14 | |
| 906 | @dCNY24.00@n3@r1 | |
| 宁静客栈/(英)高尔斯华绥著/吴梦宇译.-南京:江苏文艺出版社,2013 |
| 231页;21cm.-(诺贝尔文学奖获奖者散文丛书) |
| 使用对象:外国文学爱好者 |
| ISBN 978-7-5399-6380-8:CNY24.00 |
| 本书收录的作品主要包括:山上的喜鹊、浪漫三瞥、宁静客栈、剪羊毛、进化、雾中驰聘、基督教徒、石间的风、远房亲戚等。 |
| ● |
| 相关链接 |
|
|
|
正题名:宁静客栈
索取号:I561.64/14
 
预约/预借
| 序号 | 登录号 | 条形码 | 馆藏地/架位号 | 状态 | 备注 |
| 1 | 855064 | 2000855064 | 第一书库/ [索取号:I561.64/14] | 在馆 | |
| 2 | 855065 | 2000855065 | 第一书库/ [索取号:I561.64/14] | 在馆 | |
| 3 | 855066 | 2000855066 | 第一书库/ [索取号:I561.64/14] | 在馆 |